| 000 -LEADER |
| fixed length control field |
00939nam a2200253Ia 4500 |
| 001 - CONTROL NUMBER |
| control field |
15765 |
| 003 - CONTROL NUMBER IDENTIFIER |
| control field |
GE_BSU |
| 008 - FIXED-LENGTH DATA ELEMENTS--GENERAL INFORMATION |
| fixed length control field |
181216s||||||||xx |||||||||||||| ||und|| |
| 040 ## - CATALOGING SOURCE |
| Transcribing agency |
GE_BSU |
| 080 ## - UNIVERSAL DECIMAL CLASSIFICATION NUMBER |
| Universal Decimal Classification number |
821.353.1-31 |
| 100 ## - MAIN ENTRY--PERSONAL NAME |
| Personal name |
ჭილაძე, ო. (ოთარ, 1933-2009) |
| 245 ## - TITLE STATEMENT |
| Title |
გოდორი |
| 245 ## - TITLE STATEMENT |
| Remainder of title |
რომანი |
| 245 ## - TITLE STATEMENT |
| Statement of responsibility, etc. |
რედ. და ბოლოსიტყვ. ავტ.: მალხაზ ხარბედია ; მხატვ.: ნანა ჭილაძე. გარეკან.გამოყენ. დეტალი იერონიმუს ბოსნის ნახატიდან |
| 250 ## - EDITION STATEMENT |
| Edition statement |
მე-2 გამოცემა |
| 260 ## - PUBLICATION, DISTRIBUTION, ETC. |
| Place of publication, distribution, etc. |
თბილისი |
| 260 ## - PUBLICATION, DISTRIBUTION, ETC. |
| Name of publisher, distributor, etc. |
არეტე |
| 260 ## - PUBLICATION, DISTRIBUTION, ETC. |
| Date of publication, distribution, etc. |
2006 |
| 300 ## - PHYSICAL DESCRIPTION |
| Extent |
359 გვ. ; 20 სმ. |
| 653 ## - INDEX TERM--UNCONTROLLED |
| Uncontrolled term |
გოდორი |
| 653 ## - INDEX TERM--UNCONTROLLED |
| Uncontrolled term |
რომანი |
| 942 ## - ADDED ENTRY ELEMENTS (KOHA) |
| Koha item type |
წიგნი |